Responses for Show #8014 - Thursday, June 13, 2019

Contestants

[<< previous game]

Jim Napier, a poker dealer from West Des Moines, Iowa

Adrienne Griffin, an attorney from Alexandria, Virginia

E.J. Wolborsky, a freelance project manager from Brooklyn, New York (whose 1-day cash winnings total $28,800)

[next game >>]

Jeopardy! Round responses

A LIL RAP CATEGORY
HISTORY
PRONOUN LOSS
RESTAURANT CHAINS
MEXICAN GEOGRAPHY
ALTAR EGOS
    $200 6
the Benjamins

Adrienne
    $200 7
her

Jim
    $200 3
Buffet

E.J.
    $200 20
Chihuahua

E.J.
    $200 22
Charles and Diana

E.J.
    $400 4
Lil Wayne

E.J.
    $400 29
(Alex: Yes, [*] Mary.)
[The end-of-round signal sounds.]

typhoid

E.J.
    $400 8
(Adrienne: What is mead?)
(Alex: No. Jim.)
(Jim: What is an [*]?)
(Alex: [*], yes, you have to take "M-E" away.)

ad

AdrienneJim
    $400 12
Olive Garden

Adrienne
    $1,500 19
volcanoes

Adrienne
    $400 23
Kim Kardashian

Adrienne
    $600 2
Wiz Khalifa

Adrienne
    $600 28
Hellenistic

E.J.
    $600 9
(Alex: What is a [*]. Hmm. Bad.)

con

Triple Stumper
    $600 13
White Castle

E.J.
    $600 16
Gulf of California

Jim
    $600 24
(Alex: Less than a minute now.)

United Arab Emirates

Jim
    $800 1
(Alex: I got him dead on.)

Lil Jon

E.J.
    $800 27
(Jim: Who are [*] and... [*]?)
(Alex: Yes! Got 'em both.)

Nasser and Sadat

Jim
    $800 10
arable

Adrienne
    $800 14
Waffle House

E.J.
    $800 18
the Yucatán

Adrienne
    $800 26
(Liza) Minnelli

Jim
    $1000 5
(Jim: Ugh. Who is Chance the Rapper?)

Lil Yachty

Jim
Triple Stumper
    $1000 21
(Jim: Who is Chiang Kai-shek?)
(Alex: No.)
(Jim: Oh.)
(Alex: Adrienne.)
(Adrienne: Who is [*]?)
(Alex: Dr. [*], yes.)

Sun Yat-sen

AdrienneJim
    $1000 11
a riff

Adrienne
    $1000 15
Benihana

E.J.
    $1000 17
the Rio Bravo del Norte

Triple Stumper
    $1000 25
an oligarch

Jim

Scores at the first commercial break (after clue 15):

E.J. Adrienne Jim
$3,800 $2,600 -$400

Scores at the end of the Jeopardy! Round:

E.J. Adrienne Jim
$5,200 $6,300 $2,400

Double Jeopardy! Round responses

AUTHORS' RHYME TIME
THE MOVIES
ELEMENT NAMES
"SINGLE" SERVINGS
RELIGION
5 NOBEL TRUTHS
    $400 30
White's kites

E.J.
    $400 7
the Barrymores

E.J.
    $400 18
carbon

E.J.
    $400 13
single spacing

Adrienne
    $400 21
Mecca

E.J.
    $400 12
Economics

Jim
    $800 29
Stein's brines

Adrienne
    $800 6
(Alex: And by the way, "Men in Black: International" opens tomorrow.)

the Men in Black

E.J.
    $800 20
inert

Adrienne
    $800 14
(E.J.: Duel? What is duel?)
(Alex: No. Adrienne.)
(Adrienne: What is [*[?)
(Alex: Yes, remember, "single" has to come up in each correct response, E.J.)
(E.J.: Sure.)

single combat

E.J.Adrienne
    $800 22
Huguenots

Adrienne
    $800 10
Chemical Weapons

E.J.
    $1200 28
Willa's villas

E.J.
    $1200 3
David Fincher

E.J.
    $1200 19
Curium

Adrienne
    $1200 15
single-lens reflex

Jim
    $1200 23
Benedict

Jim
    $1200 8
physiology

E.J.
    $1600 27
Lessing's blessings

Triple Stumper
    $1600 4
(Bela) Lugosi

E.J.
    $2,000 2
wolfram

E.J.
    $1600 16
single reed

Adrienne
    $1600 24
the Quakers

Jim
    $4,000 9
Jean-Paul Sartre

E.J.
    $2000 26
Bellow's cellos

E.J.
    $2000 5
Iris

Triple Stumper
    $2000 1
selenium

E.J.
    $2000 17
a singleton

Jim
    $2000 25
the Jehovah's Witnesses

Triple Stumper
    $2000 11
kronor

Jim

Scores at the end of the Double Jeopardy! Round:

E.J. Adrienne Jim
$22,800 $12,700 $10,800

[wagering suggestions for these scores]

Final Jeopardy! Round responses

WORD HISTORY
(Alex: WORD, not WORLD.)
[Laughter upon seeing Jim's response]
...
(Alex: [To Adrienne] John Glenn came up with that word.)
JimWhat is "FUBAR"
$4,200
AdrienneWhat is a glitch?
$12,000
E.J.What is a glitch?
$2,601
glitch

Final scores:

E.J. Adrienne Jim
$25,401 $24,700 $6,600
2-day champion: $54,201 2nd place: $2,000 3rd place: $1,000

Game dynamics:

Coryat scores:

E.J. Adrienne Jim
$20,000 $11,600 $10,800
24 R
(including 2 DDs),
1 W
16 R
(including 1 DD),
1 W
13 R,
2 W

Combined Coryat: $42,400

[game clues] [game scores] [suggest correction]

Game tape date: 2019-03-13
The J! Archive is created by fans, for fans. Scraping, republication, monetization, and malicious use prohibited; this site may use cookies and collect identifying information. See terms. The Jeopardy! game show and all elements thereof, including but not limited to copyright and trademark thereto, are the property of Jeopardy Productions, Inc. and are protected under law. This website is not affiliated with, sponsored by, or operated by Jeopardy Productions, Inc. Join the discussion at JBoard.tv.